| 000 | 00432pab a2200169 454500 | ||
|---|---|---|---|
| 008 | 180718b2009 xxu||||| |||| 00| 0 eng d | ||
| 100 | _aChesters, Graeme | ||
| 245 | _aSocial movements and regeneration: within, without, against? | ||
| 260 | _c2009 | ||
| 300 | _ap.371-84. | ||
| 362 | _aJun | ||
| 650 | _aUrban development | ||
| 650 | _aSocial movements | ||
| 773 | _aLocal Government Studies | ||
| 908 | _aN | ||
| 909 | _a83335 | ||
| 999 |
_c83335 _d83335 |
||